| 000 | 00587nab a2200181 4500 | ||
|---|---|---|---|
| 001 | 244442 | ||
| 003 | OSt | ||
| 005 | 20241029091909.0 | ||
| 007 | tu | ||
| 008 | 200917s2020||||||| | ||
| 040 |
_aDE-2950 _cDE-2950 |
||
| 245 | 0 | 0 |
_aMusik, Skulpturen und Videokunst _bPerspektiven. Das grenzüberschreitende Festival zeitgenössischer Kunst, Labirynt, öffnet von Freitag bis Sonntag seine Pforten/ _cred |
| 264 | _c2024 | ||
| 653 | _aFrankfurt (Oder) | ||
| 653 | _aLabirynt | ||
| 773 | 0 |
_g35. Jahrgang (2024) Nr. 244 vom 18.10.2024, S. 15 mit Foto _tMärkische Oderzeitung |
|
| 942 |
_2z _cA |
||
| 999 |
_c373429 _d373429 |
||